[Event "Russian Rapid Team Championship (m)"]
[Site "Sochi"]
[Date "2022.10.18"]
[Round "4.4"]
[White "Remizov, Yaroslav"]
[Black "Faizrakhmanov, Ramil"]
[Result "1-0"]
[BlackElo "2475"]
[WhiteElo "2355"]
[LiveChessVersion "1.4.8"]

1. e4 {[%clk 0:15:18]} c5 {[%clk 0:15:19]} 2. Nf3 {[%clk 0:15:26]} d6
{[%clk 0:15:28]} 3. d4 {[%clk 0:15:32]} cxd4 {[%clk 0:15:36]} 4. Nxd4
{[%clk 0:15:40]} Nf6 {[%clk 0:15:45]} 5. Nc3 {[%clk 0:15:48]} a6 {[%clk 0:15:54]}
6. Rg1 {[%clk 0:15:56]} e5 {[%clk 0:15:44]} 7. Nb3 {[%clk 0:16:05]} Be6
{[%clk 0:15:12]} 8. g4 {[%clk 0:16:12]} d5 {[%clk 0:14:19]} 9. exd5
{[%clk 0:16:19]} Nxd5 {[%clk 0:14:26]} 10. Nxd5 {[%clk 0:16:25]} Bxd5
{[%clk 0:13:21]} 11. Rg3 {[%clk 0:16:06]} Bc6 {[%clk 0:12:36]} 12. Qxd8+
{[%clk 0:14:51]} Kxd8 {[%clk 0:12:44]} 13. Be3 {[%clk 0:11:46]} Kc7
{[%clk 0:10:48]} 14. O-O-O {[%clk 0:11:45]} a5 {[%clk 0:09:55]} 15. g5
{[%clk 0:07:43]} Nd7 {[%clk 0:09:43]} 16. Bh3 {[%clk 0:06:21]} Nb6
{[%clk 0:08:58]} 17. f4 {[%clk 0:04:40]} a4 {[%clk 0:07:32]} 18. Nd2
{[%clk 0:04:07]} e4 {[%clk 0:05:22]} 19. Bxb6+ {[%clk 0:04:15]} Kxb6
{[%clk 0:05:28]} 20. Nc4+ {[%clk 0:04:24]} Kc7 {[%clk 0:04:32]} 21. Ne5
{[%clk 0:04:32]} Bd6 {[%clk 0:04:20]} 22. Rxd6 {[%clk 0:04:30]} Kxd6
{[%clk 0:04:29]} 23. Nxf7+ {[%clk 0:04:39]} Kc5 {[%clk 0:04:31]} 24. Nxh8
{[%clk 0:04:04]} Rxh8 {[%clk 0:04:39]} 25. Kd2 {[%clk 0:03:38]} Rd8+
{[%clk 0:03:51]} 26. Ke3 {[%clk 0:03:37]} a3 {[%clk 0:03:37]} 27. bxa3
{[%clk 0:03:28]} Ra8 {[%clk 0:03:45]} 28. Kd2 {[%clk 0:02:34]} Kd4
{[%clk 0:03:51]} 29. Rb3 {[%clk 0:01:57]} Bd5 {[%clk 0:03:30]} 30. Re3
{[%clk 0:00:41]} h6 {[%clk 0:02:30]} 31. gxh6 {[%clk 0:00:35]} gxh6
{[%clk 0:02:34]} 32. Bf5 {[%clk 0:00:32]} Ra4 {[%clk 0:01:26]} 33. Bg6
{[%clk 0:00:18]} b6 {[%clk 0:01:26]} 34. Rh3 {[%clk 0:00:23]} Bxa2
{[%clk 0:01:21]} 35. c3+ {[%clk 0:00:23]} Kc5 {[%clk 0:01:12]} 36. Rh5+
{[%clk 0:00:21]} Kd6 {[%clk 0:01:15]} 37. Rxh6 {[%clk 0:00:30]} Ke7
{[%clk 0:01:23]} 38. Bf5 {[%clk 0:00:19]} Bd5 {[%clk 0:01:30]} 39. Ke3
{[%clk 0:00:13]} Rc4 {[%clk 0:01:12]} 40. Rxb6 {[%clk 0:00:16]} Rxc3+
{[%clk 0:00:52]} 41. Kd4 {[%clk 0:00:25]} Rd3+ {[%clk 0:00:49]} 42. Ke5
{[%clk 0:00:34]} Ba8 {[%clk 0:00:43]} 43. Bxe4 {[%clk 0:00:15]} Bxe4
{[%clk 0:00:37]} 44. Kxe4 {[%clk 0:00:23]} Rxa3 {[%clk 0:00:46]} 45. Kf5
{[%clk 0:00:25]} Rh3 {[%clk 0:00:43]} 46. Rb2 {[%clk 0:00:15]} Kf7
{[%clk 0:00:51]} 47. Rb7+ {[%clk 0:00:23]} Kf8 {[%clk 0:00:57]} 48. Rb2
{[%clk 0:00:31]} Kf7 {[%clk 0:00:54]} 49. Kg5 {[%clk 0:00:39]} Rh8
{[%clk 0:00:27]} 50. Rb7+ {[%clk 0:00:36]} Ke6 {[%clk 0:00:35]} 51. f5+
{[%clk 0:00:46]} Ke5 {[%clk 0:00:43]} 52. Re7+ {[%clk 0:00:55]} Kd6
{[%clk 0:00:51]} 53. Re2 {[%clk 0:01:03]} Rg8+ {[%clk 0:00:53]} 54. Kf6
{[%clk 0:01:12]} Rf8+ {[%clk 0:00:57]} 55. Kg6 {[%clk 0:01:21]} Rg8+
{[%clk 0:00:42]} 56. Kf7 {[%clk 0:01:29]} Kd5 1-0

[Event "Russian Rapid Team Championship (m)"]
[Site "Sochi"]
[Date "2022.10.18"]
[Round "4.5"]
[White "Afanasiev, Nikita"]
[Black "Bocharov, Dmitry"]
[Result "1-0"]
[BlackElo "2562"]
[WhiteElo "2535"]
[LiveChessVersion "1.4.8"]

1. e4 {[%clk 0:15:10]} c5 {[%clk 0:15:19]} 2. Nf3 {[%clk 0:15:15]} d6
{[%clk 0:15:27]} 3. d4 {[%clk 0:15:21]} cxd4 {[%clk 0:15:36]} 4. Qxd4
{[%clk 0:15:25]} Nc6 {[%clk 0:15:44]} 5. Qe3 {[%clk 0:15:33]} Nf6
{[%clk 0:15:46]} 6. Be2 {[%clk 0:15:35]} g6 {[%clk 0:15:54]} 7. O-O
{[%clk 0:15:42]} Bg7 {[%clk 0:16:02]} 8. h3 {[%clk 0:15:38]} O-O {[%clk 0:16:09]}
9. Rd1 {[%clk 0:15:46]} Be6 {[%clk 0:16:07]} 10. Nc3 {[%clk 0:15:44]} Rc8
{[%clk 0:15:46]} 11. a3 {[%clk 0:15:39]} a6 {[%clk 0:15:54]} 12. Nd5
{[%clk 0:15:39]} Bxd5 {[%clk 0:15:21]} 13. exd5 {[%clk 0:15:47]} Na5
{[%clk 0:15:31]} 14. Ne1 {[%clk 0:13:39]} Nd7 {[%clk 0:11:20]} 15. Rb1
{[%clk 0:13:45]} b5 {[%clk 0:11:12]} 16. b3 {[%clk 0:13:32]} Nb7 {[%clk 0:11:11]}
17. c4 {[%clk 0:12:39]} bxc4 {[%clk 0:11:06]} 18. Bxc4 {[%clk 0:12:40]} a5
{[%clk 0:11:12]} 19. Bb5 {[%clk 0:12:29]} Rc7 {[%clk 0:08:18]} 20. b4
{[%clk 0:12:08]} axb4 {[%clk 0:08:21]} 21. axb4 {[%clk 0:12:16]} Ne5
{[%clk 0:08:16]} 22. Nf3 {[%clk 0:12:13]} e6 {[%clk 0:05:00]} 23. Nxe5
{[%clk 0:11:40]} Bxe5 {[%clk 0:05:08]} 24. Bc6 {[%clk 0:11:39]} exd5
{[%clk 0:04:59]} 25. Bxd5 {[%clk 0:11:41]} Re8 {[%clk 0:03:21]} 26. Qf3
{[%clk 0:11:44]} Qe7 {[%clk 0:02:24]} 27. Be3 {[%clk 0:11:42]} Nd8
{[%clk 0:02:11]} 28. b5 {[%clk 0:11:51]} Ne6 {[%clk 0:02:14]} 29. b6
{[%clk 0:12:00]} Rc3 {[%clk 0:02:22]} 30. Qg4 {[%clk 0:10:11]} h5
{[%clk 0:01:48]} 31. Qa4 {[%clk 0:09:58]} Nc5 {[%clk 0:01:19]} 32. Qa7
{[%clk 0:09:38]} Nd7 {[%clk 0:00:17]} 33. Rbc1 {[%clk 0:08:48]} 1-0

[Event "Russian Rapid Team Championship (m)"]
[Site "Sochi"]
[Date "2022.10.18"]
[Round "4.6"]
[White "Kezin, Roman"]
[Black "Tsydypov, Zhamsaran"]
[Result "0-1"]
[BlackElo "2554"]
[WhiteElo "2471"]
[LiveChessVersion "1.4.8"]

1. d4 {[%clk 0:15:17]} Nf6 {[%clk 0:14:54]} 2. c4 {[%clk 0:15:24]} g6
{[%clk 0:14:46]} 3. g3 {[%clk 0:15:30]} Bg7 {[%clk 0:14:55]} 4. Bg2
{[%clk 0:15:39]} O-O {[%clk 0:15:02]} 5. Nc3 {[%clk 0:15:46]} d6 {[%clk 0:15:09]}
6. Nf3 {[%clk 0:15:55]} Nbd7 {[%clk 0:15:17]} 7. O-O {[%clk 0:16:02]} Re8
{[%clk 0:15:25]} 8. e4 {[%clk 0:16:02]} e5 {[%clk 0:15:34]} 9. h3
{[%clk 0:16:02]} a6 {[%clk 0:15:18]} 10. Be3 {[%clk 0:15:33]} Rb8
{[%clk 0:15:17]} 11. dxe5 {[%clk 0:13:09]} dxe5 {[%clk 0:15:18]} 12. c5
{[%clk 0:13:07]} Qe7 {[%clk 0:15:12]} 13. b4 {[%clk 0:10:49]} b6 {[%clk 0:14:40]}
14. c6 {[%clk 0:08:26]} Nf8 {[%clk 0:14:48]} 15. Qb3 {[%clk 0:07:37]} Rd8
{[%clk 0:14:26]} 16. a4 {[%clk 0:07:02]} Be6 {[%clk 0:14:14]} 17. Qb2
{[%clk 0:07:11]} Bc4 {[%clk 0:14:23]} 18. Rfd1 {[%clk 0:07:19]} Ne8
{[%clk 0:13:10]} 19. h4 {[%clk 0:04:18]} b5 {[%clk 0:09:43]} 20. axb5
{[%clk 0:03:54]} axb5 {[%clk 0:09:49]} 21. Bc5 {[%clk 0:01:57]} Qe6
{[%clk 0:09:40]} 22. Nd5 {[%clk 0:02:03]} Bxd5 {[%clk 0:08:30]} 23. exd5
{[%clk 0:02:11]} Rxd5 {[%clk 0:08:36]} 24. Ng5 {[%clk 0:02:17]} Rxd1+
{[%clk 0:08:25]} 25. Rxd1 {[%clk 0:02:26]} Qf5 {[%clk 0:08:11]} 26. Qb3
{[%clk 0:01:14]} h6 {[%clk 0:07:53]} 27. Nxf7 {[%clk 0:00:59]} Kh7
{[%clk 0:07:55]} 28. Bxf8 {[%clk 0:00:38]} Bxf8 {[%clk 0:08:04]} 29. Rd7
{[%clk 0:00:44]} Bg7 {[%clk 0:08:14]} 30. h5 {[%clk 0:00:13]} Ra8
{[%clk 0:07:42]} 31. hxg6+ {[%clk 0:00:20]} Kxg6 {[%clk 0:07:50]} 32. Bf3
{[%clk 0:00:13]} e4 {[%clk 0:07:35]} 33. Be2 {[%clk 0:00:22]} Ra1+
{[%clk 0:07:10]} 34. Kg2 {[%clk 0:00:31]} Re1 {[%clk 0:07:02]} 35. Qe3
{[%clk 0:00:12]} Rb1 {[%clk 0:05:46]} 36. Re7 {[%clk 0:00:12]} Nf6
{[%clk 0:05:45]} 37. Ne5+ {[%clk 0:00:14]} Kh7 {[%clk 0:05:53]} 38. Nd7
{[%clk 0:00:15]} Nd5 {[%clk 0:05:26]} 39. Qxe4 {[%clk 0:00:12]} Nxe7
{[%clk 0:05:26]} 40. Qxe7 {[%clk 0:00:20]} Re1 {[%clk 0:04:48]} 41. Qe3 Qd5+
{[%clk 0:04:01]} 42. f3 {[%clk 0:00:16]} Qa2 {[%clk 0:03:37]} 43. Kf2
{[%clk 0:00:11]} Bd4 {[%clk 0:03:43]} 44. Kg2 0-1

[Event "Russian Rapid Team Championship (m)"]
[Site "Sochi"]
[Date "2022.10.18"]
[Round "4.7"]
[White "Rozum, Ivan"]
[Black "Khubukshanov, Erdem"]
[Result "0-1"]
[BlackElo "2421"]
[WhiteElo "2540"]
[LiveChessVersion "1.4.8"]

1. Nf3 {[%clk 0:15:10]} d5 {[%clk 0:15:15]} 2. g3 {[%clk 0:15:18]} Bg4
{[%clk 0:14:36]} 3. Bg2 {[%clk 0:15:25]} Nd7 {[%clk 0:14:44]} 4. h3
{[%clk 0:15:33]} Bxf3 {[%clk 0:14:37]} 5. Bxf3 {[%clk 0:15:41]} c6
{[%clk 0:14:42]} 6. O-O {[%clk 0:14:43]} g6 {[%clk 0:13:41]} 7. e4
{[%clk 0:14:27]} dxe4 {[%clk 0:12:48]} 8. Bxe4 {[%clk 0:14:35]} Bg7
{[%clk 0:12:56]} 9. d4 {[%clk 0:14:32]} Ngf6 {[%clk 0:11:47]} 10. Bg2
{[%clk 0:14:40]} O-O {[%clk 0:11:53]} 11. a4 {[%clk 0:14:28]} a5 {[%clk 0:11:02]}
12. Nd2 {[%clk 0:14:06]} e5 {[%clk 0:09:56]} 13. Nc4 {[%clk 0:13:03]} exd4
{[%clk 0:09:46]} 14. Qxd4 {[%clk 0:13:10]} Nd5 {[%clk 0:09:49]} 15. Qd1
{[%clk 0:13:05]} N7f6 {[%clk 0:06:47]} 16. c3 {[%clk 0:12:55]} Qc7
{[%clk 0:06:15]} 17. Bd2 {[%clk 0:12:18]} Rfe8 {[%clk 0:06:16]} 18. Qc2
{[%clk 0:12:13]} h5 {[%clk 0:03:52]} 19. h4 {[%clk 0:10:40]} Ng4 {[%clk 0:03:06]}
20. Rae1 {[%clk 0:10:47]} Re7 {[%clk 0:02:32]} 21. Re4 {[%clk 0:08:58]} Ndf6
{[%clk 0:02:03]} 22. Bf4 {[%clk 0:08:54]} Qd8 {[%clk 0:01:55]} 23. Re2
{[%clk 0:08:22]} Nd5 {[%clk 0:01:12]} 24. Bc1 {[%clk 0:06:53]} Qc7
{[%clk 0:00:47]} 25. Rfe1 {[%clk 0:06:43]} Rae8 {[%clk 0:00:56]} 26. Rxe7
{[%clk 0:05:52]} Rxe7 {[%clk 0:01:04]} 27. Rxe7 {[%clk 0:06:00]} Qxe7
{[%clk 0:01:12]} 28. Bf3 {[%clk 0:03:05]} Qc5 {[%clk 0:01:16]} 29. Bxg4
{[%clk 0:01:28]} hxg4 {[%clk 0:01:18]} 30. Qe4 {[%clk 0:01:21]} Nf6
{[%clk 0:00:55]} 31. Qe2 {[%clk 0:01:11]} Qd5 {[%clk 0:00:53]} 32. Bg5
{[%clk 0:00:58]} Ne4 {[%clk 0:01:01]} 33. Ne3 {[%clk 0:01:04]} Qa2
{[%clk 0:01:04]} 34. Qxg4 {[%clk 0:00:31]} Qxa4 {[%clk 0:01:13]} 35. Qc8+
{[%clk 0:00:37]} Kh7 {[%clk 0:01:21]} 36. Qxb7 {[%clk 0:00:39]} Qa2
{[%clk 0:01:25]} 37. Bf4 {[%clk 0:00:25]} Qb1+ {[%clk 0:01:29]} 38. Kg2
{[%clk 0:00:33]} Qe1 {[%clk 0:01:27]} 39. Ng4 {[%clk 0:00:38]} Qe2
{[%clk 0:01:31]} 40. Qxc6 {[%clk 0:00:41]} f5 {[%clk 0:01:38]} 41. Ne5
{[%clk 0:00:20]} Qxf2+ {[%clk 0:01:44]} 42. Kh3 {[%clk 0:00:28]} Qf1+
{[%clk 0:01:46]} 43. Kh2 {[%clk 0:00:38]} Qe2+ {[%clk 0:01:55]} 44. Kg1
{[%clk 0:00:37]} Qd1+ {[%clk 0:01:01]} 45. Kg2 {[%clk 0:00:45]} Qc2+
{[%clk 0:01:09]} 46. Kh1 {[%clk 0:00:24]} Qb1+ {[%clk 0:01:18]} 47. Kg2
{[%clk 0:00:32]} Qxb2+ {[%clk 0:01:27]} 48. Kh1 {[%clk 0:00:29]} Qb1+
{[%clk 0:01:30]} 49. Kg2 {[%clk 0:00:38]} Qc2+ {[%clk 0:01:39]} 50. Kh1
{[%clk 0:00:46]} Qd1+ {[%clk 0:01:47]} 51. Kg2 {[%clk 0:00:55]} Qe2+
{[%clk 0:01:56]} 52. Kg1 {[%clk 0:00:38]} Qf2+ {[%clk 0:01:47]} 53. Kh1
{[%clk 0:00:47]} Nxg3+ {[%clk 0:01:44]} 54. Bxg3 {[%clk 0:00:56]} Qxg3
{[%clk 0:01:53]} 55. Nf3 {[%clk 0:01:05]} Kh6 {[%clk 0:01:59]} 56. Qb7
{[%clk 0:00:22]} a4 {[%clk 0:02:07]} 57. h5 {[%clk 0:00:30]} a3 {[%clk 0:02:10]}
0-1

[Event "Russian Rapid Team Championship (m)"]
[Site "Sochi"]
[Date "2022.10.18"]
[Round "4.8"]
[White "Obgolts, Erik"]
[Black "Moiseenko, Vadim"]
[Result "1-0"]
[BlackElo "2429"]
[WhiteElo "2397"]
[LiveChessVersion "1.4.8"]

1. Nf3 {[%clk 0:15:14]} Nf6 {[%clk 0:15:19]} 2. d4 {[%clk 0:15:21]} c5
{[%clk 0:15:17]} 3. d5 {[%clk 0:15:29]} b5 {[%clk 0:15:25]} 4. Bg5
{[%clk 0:15:38]} Qb6 {[%clk 0:15:30]} 5. a4 {[%clk 0:15:45]} Bb7 {[%clk 0:15:13]}
6. axb5 {[%clk 0:13:05]} Nxd5 {[%clk 0:14:30]} 7. e4 {[%clk 0:13:03]} Qe6
{[%clk 0:13:13]} 8. Nbd2 {[%clk 0:12:29]} f5 {[%clk 0:12:40]} 9. c4
{[%clk 0:11:21]} Nb4 {[%clk 0:11:35]} 10. e5 {[%clk 0:09:17]} d6 {[%clk 0:11:26]}
11. Be3 {[%clk 0:09:22]} f4 {[%clk 0:09:34]} 12. Bxf4 {[%clk 0:08:39]} Qf5
{[%clk 0:09:42]} 13. Be3 {[%clk 0:06:28]} Nc2+ {[%clk 0:09:39]} 14. Ke2
{[%clk 0:06:37]} Nxa1 {[%clk 0:09:14]} 15. Qxa1 {[%clk 0:06:45]} Nd7
{[%clk 0:08:23]} 16. Qa4 {[%clk 0:05:43]} dxe5 {[%clk 0:07:04]} 17. g4
{[%clk 0:04:35]} Qe6 {[%clk 0:04:16]} 18. Ng5 {[%clk 0:03:31]} Qg6
{[%clk 0:02:51]} 19. f3 {[%clk 0:03:36]} e6 {[%clk 0:01:47]} 20. h4
{[%clk 0:03:34]} h5 {[%clk 0:00:51]} 21. Bh3 {[%clk 0:03:35]} Nb6
{[%clk 0:00:41]} 22. Qb3 {[%clk 0:03:19]} Be7 {[%clk 0:00:41]} 23. gxh5
{[%clk 0:03:17]} Rxh5 {[%clk 0:00:50]} 24. Bg4 {[%clk 0:03:03]} Bxg5
{[%clk 0:00:14]} 25. Bxh5 {[%clk 0:02:03]} Qxh5 {[%clk 0:00:22]} 26. Bxg5
{[%clk 0:02:12]} e4 {[%clk 0:00:26]} 27. Qe3 {[%clk 0:02:16]} exf3+
{[%clk 0:00:23]} 28. Kf2 {[%clk 0:02:24]} Qg4 {[%clk 0:00:13]} 29. Rg1
{[%clk 0:02:18]} Qf5 {[%clk 0:00:19]} 30. b3 {[%clk 0:01:50]} Nd7
{[%clk 0:00:11]} 31. Re1 {[%clk 0:01:30]} Kf7 {[%clk 0:00:13]} 32. Ne4
{[%clk 0:01:39]} Bxe4 {[%clk 0:00:15]} 33. Qxe4 {[%clk 0:01:48]} Qxe4
{[%clk 0:00:16]} 34. Rxe4 {[%clk 0:01:57]} a6 {[%clk 0:00:21]} 35. bxa6
{[%clk 0:01:58]} Rxa6 {[%clk 0:00:30]} 36. Kxf3 {[%clk 0:02:04]} e5
{[%clk 0:00:20]} 37. Bd2 {[%clk 0:01:21]} Ra3 {[%clk 0:00:16]} 38. Re3
{[%clk 0:01:30]} Ke6 {[%clk 0:00:24]} 39. b4 {[%clk 0:01:33]} cxb4
{[%clk 0:00:19]} 40. Bxb4 {[%clk 0:01:42]} Ra4 {[%clk 0:00:15]} 41. Rb3
{[%clk 0:01:32]} Nb6 {[%clk 0:00:23]} 42. c5 {[%clk 0:01:21]} Nd5
{[%clk 0:00:30]} 43. Be1 {[%clk 0:01:24]} e4+ {[%clk 0:00:18]} 44. Kg4
{[%clk 0:01:24]} Rc4 {[%clk 0:00:23]} 45. Rb7 {[%clk 0:01:27]} Nf6+
{[%clk 0:00:20]} 46. Kh3 {[%clk 0:01:16]} g6 {[%clk 0:00:17]} 47. Bf2
{[%clk 0:01:04]} e3 {[%clk 0:00:18]} 48. Bg3 {[%clk 0:00:49]} Rxc5
{[%clk 0:00:13]} 49. Rb3 {[%clk 0:00:55]} Nd5 {[%clk 0:00:21]} 50. Kg2
{[%clk 0:01:01]} Rc4 {[%clk 0:00:15]} 51. Kf3 {[%clk 0:01:08]} Rd4
{[%clk 0:00:20]} 52. Ra3 {[%clk 0:01:10]} Kf5 {[%clk 0:00:22]} 53. Ra5
{[%clk 0:01:19]} Rd1 {[%clk 0:00:20]} 54. Ke2 {[%clk 0:01:05]} Rd2+
{[%clk 0:00:27]} 55. Kf3 {[%clk 0:01:14]} Rd3 {[%clk 0:00:33]} 56. Be1
{[%clk 0:00:53]} Ke5 {[%clk 0:00:33]} 57. Ra4 {[%clk 0:00:53]} Rd4
{[%clk 0:00:27]} 58. Bg3+ {[%clk 0:00:56]} Nf4 {[%clk 0:00:12]} 59. Bxf4+
{[%clk 0:01:02]} Kd5 {[%clk 0:00:21]} 60. Rxd4+ {[%clk 0:01:09]} Kxd4
{[%clk 0:00:29]} 61. Bxe3+ {[%clk 0:01:26]} Ke5 62. Kg4 1-0

[Event "Russian Rapid Team Championship (m)"]
[Site "Sochi"]
[Date "2022.10.18"]
[Round "4.9"]
[White "Lazavik, Denis"]
[Black "Petrov, Nikita"]
[Result "1-0"]
[BlackElo "2496"]
[WhiteElo "2435"]
[LiveChessVersion "1.4.8"]

1. d4 {[%clk 0:15:17]} Nf6 {[%clk 0:14:31]} 2. c4 {[%clk 0:15:21]} e6
{[%clk 0:14:39]} 3. Nf3 {[%clk 0:15:18]} b6 {[%clk 0:14:39]} 4. g3
{[%clk 0:15:15]} Ba6 {[%clk 0:14:46]} 5. b3 {[%clk 0:15:11]} Bb4+
{[%clk 0:14:52]} 6. Bd2 {[%clk 0:15:12]} Be7 {[%clk 0:14:59]} 7. Bg2
{[%clk 0:14:52]} d5 {[%clk 0:15:03]} 8. O-O {[%clk 0:14:34]} O-O {[%clk 0:15:08]}
9. Ne5 {[%clk 0:14:32]} Bb7 {[%clk 0:15:10]} 10. Nc3 {[%clk 0:14:05]} Nbd7
{[%clk 0:15:10]} 11. Rc1 {[%clk 0:13:25]} Ne4 {[%clk 0:11:00]} 12. cxd5
{[%clk 0:11:37]} Nxc3 {[%clk 0:10:31]} 13. Rxc3 {[%clk 0:10:55]} Nxe5
{[%clk 0:10:07]} 14. d6 {[%clk 0:10:42]} Bxg2 {[%clk 0:10:13]} 15. dxe7
{[%clk 0:10:43]} Qxe7 {[%clk 0:10:20]} 16. Kxg2 {[%clk 0:10:49]} Ng6
{[%clk 0:09:04]} 17. Qc2 {[%clk 0:10:10]} Qd6 {[%clk 0:08:02]} 18. Rc4
{[%clk 0:09:18]} Rfd8 {[%clk 0:07:16]} 19. e4 {[%clk 0:08:11]} c5
{[%clk 0:06:11]} 20. Bg5 {[%clk 0:07:59]} Rdc8 {[%clk 0:05:16]} 21. Be3
{[%clk 0:06:47]} Qc6 {[%clk 0:03:54]} 22. dxc5 {[%clk 0:06:29]} Ne5
{[%clk 0:04:03]} 23. Rc3 {[%clk 0:06:33]} b5 {[%clk 0:03:10]} 24. Qb1
{[%clk 0:04:01]} b4 {[%clk 0:03:19]} 25. Rcc1 {[%clk 0:04:08]} Rd8
{[%clk 0:03:05]} 26. f3 {[%clk 0:03:39]} Qa6 {[%clk 0:01:58]} 27. Qc2
{[%clk 0:03:23]} Rd3 {[%clk 0:01:25]} 28. Qe2 {[%clk 0:03:12]} Rad8
{[%clk 0:01:33]} 29. Rfd1 {[%clk 0:02:46]} Nc6 {[%clk 0:00:30]} 30. Rxd3
{[%clk 0:02:37]} Qxd3 {[%clk 0:00:38]} 31. Qxd3 {[%clk 0:02:44]} Rxd3
{[%clk 0:00:47]} 32. Kf2 {[%clk 0:02:46]} Kf8 {[%clk 0:00:45]} 33. Ke2
{[%clk 0:02:37]} Rd7 {[%clk 0:00:51]} 34. Rd1 {[%clk 0:01:11]} Rxd1
{[%clk 0:00:16]} 35. Kxd1 {[%clk 0:01:19]} Ke7 {[%clk 0:00:25]} 36. Ke2
{[%clk 0:01:20]} Kd7 {[%clk 0:00:31]} 37. f4 {[%clk 0:01:01]} Nb8
{[%clk 0:00:18]} 38. Bd4 {[%clk 0:00:42]} g6 {[%clk 0:00:16]} 39. Kd3
{[%clk 0:00:45]} Kc6 {[%clk 0:00:24]} 40. Kc4 {[%clk 0:00:53]} a5
{[%clk 0:00:34]} 41. Bf6 {[%clk 0:00:36]} Nd7 {[%clk 0:00:39]} 42. Bd8
{[%clk 0:00:33]} Nxc5 {[%clk 0:00:36]} 43. Bxa5 {[%clk 0:00:40]} Nxe4
{[%clk 0:00:44]} 44. Bxb4 {[%clk 0:00:44]} Nf6 {[%clk 0:00:42]} 45. Be1
{[%clk 0:00:42]} Ng4 {[%clk 0:00:46]} 46. h3 {[%clk 0:00:44]} Ne3+
{[%clk 0:00:54]} 47. Kd3 {[%clk 0:00:50]} Nf5 {[%clk 0:00:51]} 48. a4
{[%clk 0:00:47]} f6 {[%clk 0:00:44]} 49. g4 {[%clk 0:00:44]} Ne7 {[%clk 0:00:53]}
50. b4 {[%clk 0:00:39]} Kd5 {[%clk 0:00:32]} 51. a5 {[%clk 0:00:30]} e5
{[%clk 0:00:41]} 52. fxe5 {[%clk 0:00:37]} fxe5 {[%clk 0:00:50]} 53. a6
{[%clk 0:00:31]} e4+ {[%clk 0:00:24]} 54. Ke3 {[%clk 0:00:30]} Nc8
{[%clk 0:00:26]} 55. Bf2 {[%clk 0:00:29]} Kc4 {[%clk 0:00:11]} 56. Kxe4
{[%clk 0:00:29]} Kd5+ 1-0

[Event "Russian Rapid Team Championship (m)"]
[Site "Sochi"]
[Date "2022.10.18"]
[Round "4.11"]
[White "Fedorov, Alexei"]
[Black "Makarian, Rudik"]
[Result "1/2-1/2"]
[BlackElo "2469"]
[WhiteElo "2522"]
[LiveChessVersion "1.4.8"]

1. e4 {[%clk 0:15:18]} c5 {[%clk 0:14:46]} 2. d3 {[%clk 0:15:25]} Nc6
{[%clk 0:14:53]} 3. f4 {[%clk 0:15:32]} d5 {[%clk 0:14:55]} 4. Be2
{[%clk 0:15:41]} e6 {[%clk 0:15:01]} 5. Nf3 {[%clk 0:15:48]} Be7 {[%clk 0:15:01]}
6. O-O {[%clk 0:15:52]} Nh6 {[%clk 0:15:09]} 7. Kh1 {[%clk 0:14:43]} O-O
{[%clk 0:14:39]} 8. Be3 {[%clk 0:14:50]} b6 {[%clk 0:14:23]} 9. Nbd2
{[%clk 0:14:52]} f6 {[%clk 0:14:18]} 10. c4 {[%clk 0:14:53]} Nf7 {[%clk 0:13:43]}
11. cxd5 {[%clk 0:13:18]} exd5 {[%clk 0:13:49]} 12. Qb3 {[%clk 0:13:24]} Bb7
{[%clk 0:12:53]} 13. Rad1 {[%clk 0:12:28]} Kh8 {[%clk 0:12:04]} 14. a3
{[%clk 0:12:28]} Nd6 {[%clk 0:11:45]} 15. Bg1 {[%clk 0:12:14]} f5
{[%clk 0:10:20]} 16. Ne5 Na5 {[%clk 0:06:14]} 17. Qa2 {[%clk 0:09:51]} fxe4
{[%clk 0:05:26]} 18. dxe4 {[%clk 0:09:48]} dxe4 {[%clk 0:05:35]} 19. b4
{[%clk 0:09:12]} cxb4 {[%clk 0:05:43]} 20. axb4 {[%clk 0:09:21]} Nc6
{[%clk 0:05:44]} 21. Nxe4 {[%clk 0:08:40]} Qc7 {[%clk 0:04:44]} 22. Nxd6
{[%clk 0:07:01]} Bxd6 {[%clk 0:04:53]} 23. Rxd6 {[%clk 0:06:04]} Qxd6
{[%clk 0:05:02]} 24. Nf7+ {[%clk 0:06:13]} Rxf7 {[%clk 0:05:11]} 25. Qxf7
{[%clk 0:06:21]} Qe7 {[%clk 0:04:56]} 26. Qxe7 {[%clk 0:06:14]} Nxe7
{[%clk 0:05:04]} 27. Rd1 {[%clk 0:06:01]} Bd5 {[%clk 0:05:02]} 28. Bf2
{[%clk 0:05:01]} Rc8 {[%clk 0:04:25]} 29. Kg1 {[%clk 0:03:24]} Bc4
{[%clk 0:03:38]} 30. Bxc4 {[%clk 0:03:02]} Rxc4 {[%clk 0:03:47]} 31. Rd8+
{[%clk 0:03:10]} Ng8 {[%clk 0:03:53]} 32. Bd4 {[%clk 0:03:18]} Rxb4
{[%clk 0:03:12]} 33. g4 {[%clk 0:03:24]} h6 {[%clk 0:02:26]} 34. g5
{[%clk 0:03:10]} hxg5 {[%clk 0:02:05]} 35. fxg5 {[%clk 0:03:18]} Kh7
{[%clk 0:02:01]} 36. Rd7 {[%clk 0:03:04]} Ne7 {[%clk 0:01:05]} 37. Bxg7
{[%clk 0:03:04]} Kxg7 {[%clk 0:00:31]} 1/2-1/2

[Event "Russian Rapid Team Championship (m)"]
[Site "Sochi"]
[Date "2022.10.18"]
[Round "4.12"]
[White "Vastrukhin, Oleg"]
[Black "Aleksandrov, Aleksej"]
[Result "1/2-1/2"]
[BlackElo "2439"]
[WhiteElo "2358"]
[LiveChessVersion "1.4.8"]

1. Nf3 {[%clk 0:15:09]} Nf6 {[%clk 0:15:19]} 2. g3 {[%clk 0:15:18]} b5
{[%clk 0:15:28]} 3. Bg2 {[%clk 0:15:24]} Bb7 {[%clk 0:15:37]} 4. O-O
{[%clk 0:15:32]} e6 {[%clk 0:15:46]} 5. d3 {[%clk 0:15:36]} Be7 {[%clk 0:15:43]}
6. e4 {[%clk 0:15:40]} d6 {[%clk 0:15:50]} 7. a4 {[%clk 0:15:01]} b4
{[%clk 0:15:58]} 8. Nbd2 {[%clk 0:15:05]} O-O {[%clk 0:15:54]} 9. e5
{[%clk 0:13:48]} dxe5 {[%clk 0:14:49]} 10. Nxe5 {[%clk 0:13:56]} Bxg2
{[%clk 0:14:21]} 11. Kxg2 {[%clk 0:14:03]} Qd5+ {[%clk 0:13:26]} 12. Qf3
{[%clk 0:13:06]} Qxf3+ {[%clk 0:12:11]} 13. Kxf3 {[%clk 0:12:50]} Nd5
{[%clk 0:12:18]} 14. Re1 {[%clk 0:12:17]} f6 {[%clk 0:12:17]} 15. Nec4
{[%clk 0:12:05]} Nc6 {[%clk 0:11:59]} 16. Nb3 {[%clk 0:12:11]} Kf7
{[%clk 0:12:01]} 17. Be3 {[%clk 0:11:14]} g5 {[%clk 0:11:48]} 18. Nba5
{[%clk 0:09:09]} Nxa5 {[%clk 0:11:53]} 19. Nxa5 {[%clk 0:09:17]} h5
{[%clk 0:11:44]} 20. h3 {[%clk 0:09:25]} c5 {[%clk 0:11:06]} 21. Nc4
{[%clk 0:08:54]} Rfd8 {[%clk 0:09:42]} 22. Rad1 {[%clk 0:08:47]} Nb6
{[%clk 0:07:12]} 1/2-1/2